00318nam a2200133Ia 450000500170000000800410001705000250005824500370008326000220012030000210014244000060016352100070016952600080017620140402151446.0140130s9999 xx 000 0 und d aPZ 7 b.D7735Sc 2004 cDoyle, DebraaSchool of wizardry bScholastic,c1990 a139 p. :c21 cm. v1 aG6 c840